MotoGP GRID 2025 - Statistics

General Stats
  • This quiz has been taken 140 times
  • The average score is 19 of 22
Answer Stats
Team Rider % Correct
BK8 Gresini Racing Alex Marquez
100%
Ducati Lenovo Marc Marquez
100%
Aprilia Racing Jorge Martin
95%
Aprilia Racing Marco Bezzecchi
91%
Red Bull KTM Pedro Acosta
91%
Red Bull KTM Brad Binder
90%
Monster Energy Yamaha Fabio Quartararo
90%
Ducati Lenovo Francesco Bagnaia
90%
LCR Honda Johann Zarco
89%
Monster Energy Yamaha Alex Rins
88%
Honda HRC Castrol Joan Mir
87%
Pertamina Enduro VR46 Franco Morbidelli
83%
Prima Pramac Yamaha Jack Miller
83%
Pertamina Enduro VR46 Fabio Di Giannantonio
80%
Honda HRC Castrol Luca Marini
80%
BK8 Gresini Racing Fermin Aldeguer
79%
Red Bull KTM Tech 3 Maverick Vinales
79%
Trackhouse Ai Ogura
78%
Red Bull KTM Tech 3 Enea Bastianini
77%
Prima Pramac Yamaha Miguel Oliveira
70%
Trackhouse Raul Fernandez
70%
LCR Honda Somkiat Chantra
69%
No matching quizzes found
Score Distribution
Percent of People with Each Score
Percentile by Number Answered
Your Score History
You have not taken this quiz